<?xml version="1.0" encoding="UTF-8"?>
<collection xmlns="http://www.loc.gov/MARC21/slim">
 <record>
  <leader>01446nam a22002297a 4500</leader>
  <controlfield tag="001">NCT_4_010911</controlfield>
  <controlfield tag="008">240617b        xxu||||| |||| 00| 0 vie d</controlfield>
  <datafield tag="999" ind1=" " ind2=" ">
   <subfield code="c">8496</subfield>
   <subfield code="d">8496</subfield>
  </datafield>
  <datafield tag="020" ind1=" " ind2=" ">
   <subfield code="c">79000</subfield>
   <subfield code="a">9786044001128</subfield>
  </datafield>
  <datafield tag="082" ind1="0" ind2="4">
   <subfield code="2">23rd ed.</subfield>
   <subfield code="a">539.72</subfield>
   <subfield code="b">W629</subfield>
  </datafield>
  <datafield tag="100" ind1="1" ind2=" ">
   <subfield code="a">Whyntie, Tom</subfield>
  </datafield>
  <datafield tag="245" ind1="1" ind2="0">
   <subfield code="a">Vật lý hạt :</subfield>
   <subfield code="b">Minh họa sinh động bằng tranh</subfield>
   <subfield code="c">Tom Whyntie, Oliver Pugh ; Mai Thị Kim Cúc (dịch)</subfield>
  </datafield>
  <datafield tag="260" ind1=" " ind2=" ">
   <subfield code="a">H.</subfield>
   <subfield code="b">Dân trí</subfield>
   <subfield code="c">2023</subfield>
  </datafield>
  <datafield tag="300" ind1=" " ind2=" ">
   <subfield code="a">195 tr.</subfield>
   <subfield code="b">minh họa</subfield>
   <subfield code="c">18cm</subfield>
  </datafield>
  <datafield tag="490" ind1="0" ind2=" ">
   <subfield code="a">Dẫn nhập ngắn về khoa học</subfield>
  </datafield>
  <datafield tag="520" ind1="3" ind2=" ">
   <subfield code="a">Quyển sách khái quát về cuộc hành trình kéo dài hàng ngàn năm, kể từ thời Hy Lạp cổ của Plato, Aristotle... tới thời điểm hiện tại, để tìm đáp án cho câu hỏi &quot;Chúng ta hình thành từ đâu?&quot;; những thông tin ngắn gọn về các tiến bộ trong ngành khoa học vật lý hạt, về các hiện tượng như: bức xạ, năng lượng ngoài vũ trụ; lực hấp dẫn, các chiều phụ và hố đen...&quot; </subfield>
  </datafield>
  <datafield tag="653" ind1=" " ind2=" ">
   <subfield code="a">Tham khảo</subfield>
  </datafield>
  <datafield tag="700" ind1="1" ind2=" ">
   <subfield code="a">Pugh, Oliver</subfield>
  </datafield>
  <datafield tag="700" ind1="1" ind2=" ">
   <subfield code="a">Mai Thị Kim Cúc</subfield>
   <subfield code="e">dịch </subfield>
  </datafield>
  <datafield tag="942" ind1=" " ind2=" ">
   <subfield code="2">ddc</subfield>
   <subfield code="c">BK</subfield>
  </datafield>
  <datafield tag="952" ind1=" " ind2=" ">
   <subfield code="0">0</subfield>
   <subfield code="1">0</subfield>
   <subfield code="2">ddc</subfield>
   <subfield code="4">0</subfield>
   <subfield code="6">539_720000000000000_W629</subfield>
   <subfield code="7">0</subfield>
   <subfield code="9">29186</subfield>
   <subfield code="a">000001</subfield>
   <subfield code="b">000001</subfield>
   <subfield code="d">2024-06-18</subfield>
   <subfield code="o">539.72 W629</subfield>
   <subfield code="p">TK.04366</subfield>
   <subfield code="r">2024-06-18</subfield>
   <subfield code="v">79000.00</subfield>
   <subfield code="w">2024-06-18</subfield>
   <subfield code="y">BK</subfield>
  </datafield>
  <datafield tag="980" ind1=" " ind2=" ">
   <subfield code="a">Thư viện Trường Đại học Nam Cần Thơ</subfield>
  </datafield>
 </record>
</collection>
